000 00890cam a22002417 4500
005 20160115091942.0
008 020418s1948 mauac b 101 0 eng
040 _aDLC
_cDLC
_dCO-BoIAVH
041 _aeng
044 _axxu
082 1 4 _a571.787
_bM97v
100 1 _aMurneek, A.
245 0 0 _aVernalization and photoperiodism,
_ba symposium
_cA.E. Murneek [y otros]; prólogo de Kenneth V. Thimann.
260 _aWaltham, Massachusetts.,
_bChronica Botanica Company.,
_c1948.
300 _aviii, 196 páginas
_bilustraciones,
_c27 centímetros.
504 _aIncluye referencias bibliográficas e índices.
650 0 _aVernalization
_vCongresses.
650 0 _aVernalización
650 0 _aPhotoperiodism
_vCongresses.
650 0 _aFotoperiodismo
700 1 _aMurneek, Andrew Edward,
_d1888- [del catálogo de edad]
942 _2ddc
_cLIBRO
999 _c17973
_d17973